Please Tell Me The Answer Earth Invention And Discoveries (Record no. 79577)
[ view plain ]
| 000 -LEADER | |
|---|---|
| fixed length control field | 00549nam a22001817a 4500 |
| 005 - DATE AND TIME OF LATEST TRANSACTION | |
| control field | 20130924110958.0 |
| 010 ## - LCCN (DPL NO) | |
| LC control number | G-2203 |
| 020 ## - INTERNATIONAL STANDARD BOOK NUMBER | |
| International Standard Book Number | 8181080521 |
| Terms of availability | 350.00 |
| 035 ## - SYSTEM CONTROL NUMBER | |
| System control number | G-2203 |
| 037 ## - SOURCE OF ACQUISITION | |
| Stock number | GIFT |
| 100 ## - MAIN ENTRY--PERSONAL NAME | |
| Personal name | Sharma,Roshi |
| 245 ## - TITLE STATEMENT | |
| Title | Please Tell Me The Answer Earth Invention And Discoveries |
| Statement of responsibility, etc | by/Roshi Sharma |
| 260 ## - PUBLICATION, DISTRIBUTION, ETC. (IMPRINT) | |
| Place of publication, distribution, etc | Delhi |
| Name of publisher, distributor, etc | Yugbodh Sahitya |
| 270 ## - ADDRESS | |
| Address | 518/6B, Karkari Road,Vishwas Nagar Shahadra, |
| City | Delhi |
| Postal code | 110032 |
| 300 ## - PHYSICAL DESCRIPTION | |
| Extent | 198p. |
| Other physical details | 22cm(pbk) |
| Dimensions | ill. |
| 942 ## - ADDED ENTRY ELEMENTS (KOHA) | |
| Source of classification or shelving scheme | Dewey Decimal Classification |
| Item type | Children Books |
| Classification part | 500 |
| Call number prefix | SHA |
| Withdrawn status | Lost status | Not for loan | Collection code | Home library | Current library | Date acquired | Cost, normal purchase price | Full call number | Barcode | Copy number | Cost, replacement price | Koha item type |
|---|---|---|---|---|---|---|---|---|---|---|---|---|
| Non-fiction | Central Library | Central Library | 24/09/2013 | 350.00 | 500 | G-2203 | 1 | 350.00 | Children Books |
